| 000 | 01223nam0a22002771 4500 | ||
|---|---|---|---|
| 001 | rc\1098918 | ||
| 005 | 20041126174010.8 | ||
| 035 | _a(NLR Aleph) 006344734 | ||
| 090 |
_a4738114 _c4738114 |
||
| 100 | _a20041126d1983 u |0rusy50 ca | ||
| 101 | 0 | _arus | |
| 102 | _aRU | ||
| 105 | _aa ||||||||| | ||
| 200 | 1 |
_aСравнительная эффективность гальванических покрытий корпусов интегральных схем и микросборок _fА.А. Хмыль, В.Л. Ланин, В.А. Емельянов |
|
| 210 |
_aМинск _cБелНИИНТИ _d1983 |
||
| 215 |
_a46 с. _cил. _d20 |
||
| 225 | 1 |
_aСерия "Электроника. Радиотехника" _eОбзор. информ. _fБелорус. НИИ НТИ и техн.-экон. исслед. |
|
| 320 | _aБиблиогр.: с. 43-45 (30 назв.) | ||
| 700 | 1 |
_aХмыль _bА. А. _gАлександр Александрович |
|
| 701 | 1 |
_aЛанин _bВ. Л. _gВладимир Леонидович |
|
| 701 | 1 |
_aЕмельянов _bВ. А. _gВиктор Андреевич |
|
| 801 | 0 |
_aRU _bNLR _gpsbo |
|
| 801 | 1 |
_aRU _bELAR _2rusmarc |
|
| 852 |
_aNLR _j83-4/33910 |
||
| 942 | _cBOOK | ||
| 980 | _aNB | ||